000 01138nam a2200337 i 4500
001 000012012
003 DO-SdBNP
005 20240412074229.0
007 ta
008 091103s1985 dr a r 000 p spa d
040 _aDO-SdBNP
_bspa
_cBNPHU
_erda
082 4 _aRD861.44
_bC679p
_222
100 _aCoiscou Weber, Rodolfo
_d1924-
_922552
_eautor
245 1 3 _aEl postumismo /
_cRodolfo Coiscou Weber.
264 1 _aSanto Domingo :
_bLibros y textos,
_c1985.
300 _a86 páginas :
_bilustraciones ;
_c16 cm.
336 _2rdacontent
_atexto
_btxt
337 _2rdamedia
_asin mediación
_bn
338 _2rdacarrier
_avolumen
_bnc
490 0 _aAntología de nuestra voz, año 4
_v11
590 _aInventariado, 2018/BT
600 1 4 _aMoreno Jimenes, Domingo
_d1894-1986
_928411
600 1 0 _aAvelino, Andrés,
_d1900-1974
_931875
600 1 4 _aZorrilla, Rafael, Augusto,
_d1892-1937
_928413
650 0 _aPoesía dominicana
_966
650 0 _aLiteratura dominicana.
_967
650 4 _aPoetas dominicanos
_921058
650 4 _aFormas literarias
_97323
910 _aYLockward/ Validado. Control de calidad. MFF
942 _2ddc
_cLBS1
999 _c11680
_d11680